| 000 | 00704nam a2200217 4500 | ||
|---|---|---|---|
| 003 | OSt | ||
| 005 | 20221111200128.0 | ||
| 008 | 221111b |||||||| |||| 00| 0 eng d | ||
| 020 | _a90 802264 5 9 | ||
| 040 | _cBiblioteca Lado V | ||
| 082 |
_a791.43 _bH819d |
||
| 100 |
_9416 _aHorst, Anet ter _eeditor |
||
| 245 |
_aDutch Shorts 2002/ _bLes Films Courts Neerlandais/ |
||
| 260 |
_aIrlanda _bHolland Film _c2002 |
||
| 300 |
_a128p. _c15x20cm |
||
| 650 |
_2Tesauro de Arte & Arquitectura _aVIDEO |
||
| 650 |
_2Tesauro de Arte & Arquitectura _aCINE |
||
| 650 |
_2Tesauro de Arte & Arquitectura _aCATALOGO |
||
| 700 |
_aTomren, Anders _ecurador |
||
| 942 |
_2ddc _c1 _h791.43 _iH819d _n0 |
||
| 999 |
_c2627 _d2627 |
||